Documento de respuesta a la cuenta de albaceazlgo de Don Manuel de la Borda (Record no. 4695)
[ view plain ]
| 000 -CABECERA | |
|---|---|
| campo de control de longitud fija | 01306nam a2200301 a 4500 |
| 001 - NÚMERO DE CONTROL | |
| campo de control | BRCA_5001 |
| 005 - FECHA Y HORA DE LA ÚLTIMA TRANSACCIÓN | |
| campo de control | 20190320204910.0 |
| 008 - DATOS DE LONGITUD FIJA--INFORMACIÓN GENERAL | |
| campo de control de longitud fija | 281010s1805----mx-######v---#000-0#spa-# |
| 041 ## - CÓDIGO DE LENGUA | |
| Código de lengua del texto/banda sonora o título independiente | spa |
| 044 ## - CÓDIGO DEL PAÍS DE LA ENTIDAD EDITORA/PRODUCTORA | |
| Código MARC del país | mx |
| 084 ## - OTRO NÚMERO DE CLASIFICACIÓN | |
| Número de clasificación | DOC88 |
| Número de documento/Ítem | .R66 |
| -- | 1805 |
| 100 1# - ENTRADA PRINCIPAL--NOMBRE DE PERSONA | |
| Nombre de persona | Romero de Caamaño, Joaquín |
| 9 (RLIN) | 12748 |
| 245 10 - MENCIÓN DE TÍTULO | |
| Título | Documento de respuesta a la cuenta de albaceazlgo de Don Manuel de la Borda |
| Mención de responsabilidad, etc. | Joaquín Romero Caamaño, Manuel de la Borda. |
| 260 ## - PUBLICACIÓN, DISTRIBUCIÓN, ETC. | |
| Lugar de publicación, distribución, etc. | México |
| Fecha de publicación, distribución, etc. | 1805 |
| 300 ## - DESCRIPCIÓN FÍSICA | |
| Extensión | [21] fojas |
| Dimensiones | 31 x 22 cm |
| 500 ## - NOTA GENERAL | |
| Nota general | Documento firmado el 26 de agosto de 1805, México |
| 500 ## - NOTA GENERAL | |
| Nota general | Respuesta al documento de adiciones y reparos hechos por el apoderado de los Borda a las cuentas de albaceazgo del año 1802. Firma Joaquín Romero de Caamaño |
| 500 ## - NOTA GENERAL | |
| Nota general | El documento tiene la leyenda DOC. #248 |
| 500 ## - NOTA GENERAL | |
| Nota general | Papel con marca de agua |
| 500 ## - NOTA GENERAL | |
| Nota general | Estado de conservación: Contiene rasgos de acidificación y fojas sueltas |
| 506 0# - NOTA DE RESTRICCIONES AL ACCESO | |
| Limitaciones de acceso | Fondo reservado: para su consulta es necesario credencial de usuario y carta de motivos |
| 546 ## - NOTA DE LENGUA/LENGUAJE | |
| Nota de lengua/lenguaje | Texto en: español de principio del siglo XIX |
| 600 14 - PUNTO DE ACCESO ADICIONAL DE MATERIA--NOMBRE DE PERSONA | |
| Nombre de persona | Romero Caamaño, Joaquín |
| Títulos y otros términos asociados al nombre | Licenciado |
| 9 (RLIN) | 12749 |
| 651 #4 - PUNTO DE ACCESO ADICIONAL DE MATERIA--NOMBRE GEOGRÁFICO | |
| Nombre geográfico | México |
| Subdivisión de forma | Manuscrito |
| Subdivisión general | Historia |
| Subdivisión cronológica | Colonia, 1521-1821 |
| 9 (RLIN) | 12750 |
| 700 1# - PUNTO DE ACCESO ADICIONAL--NOMBRE DE PERSONA | |
| Nombre de persona | Borda, Manuel de la |
| 9 (RLIN) | 12751 |
| 902 ## - CATALOGADOR | |
| Iniciales | FDH |
| 942 ## - ELEMENTOS DE PUNTO DE ACCESO ADICIONAL (KOHA) | |
| Fuente del sistema de clasificación o colocación | Library of Congress Classification |
| Tipo de ítem Koha | Documentos |
| Estado de retiro | Estado de pérdida | Estado dañado | No para préstamo | Localización permanente | Ubicación/localización actual | Fecha de adquisición | Total de préstamos | Signatura topográfica completa | Código de barras | Fecha visto por última vez | Precio válido a partir de | Tipo de ítem Koha |
|---|---|---|---|---|---|---|---|---|---|---|---|---|
| El ejemplar forma parte de la colección y puede ser consultado según las políticas vigentes. | Biblioteca del Museo Franz Mayer (Rogerio Casas-Alatriste) | Biblioteca del Museo Franz Mayer (Rogerio Casas-Alatriste) | 28/10/2010 | DOC88 .R66 1805 | 5085 | 22/03/2019 | 22/03/2019 | Documentos |